00610 2200217 4500001002100000005001500021035002000036007000300056008004100059020001800100082000800118084001400126100001900140245010700159250001500266260003600281300003000317600002400347990001000371990001100381INLIS00000000000732420210316105716 a0010-0321000694ta210316 g 0 ind  a9789797694111 a020 a020 PAW p0 aPawit M. Yusup1 aPerspektif Manajemen Pengetahuan Informasi, Komunikasi, Pendidikan, dan Perpustakaan /cPawit M. Yusup aEd.1 Cet 1 aJakarta :bRajawali Pers,c2012 axx, 524 hlm :b. ;c23 cm 4aPERPUSTAKAAN , ILMU a15748 a15748a